'The' Movies 2 - Statistics

General Stats
  • This quiz has been taken 7 times
  • The average score is 22 of 50
Answer Stats
Picture Answer % Correct
The Dark Knight
100%
The Suicide Squad
100%
The Wizard Of Oz
100%
The Batman
86%
The Fantastic 4: First Steps
86%
The Incredible Hulk
86%
The Rescuers
86%
The Amazing Spider-Man
71%
The Day After Tomorrow
71%
The Departed
71%
The Magnificent Seven
71%
The Marvels
71%
The Prince Of Egypt
71%
The Fighter
57%
The Hunchback Of Notre Dame
57%
The Iron Giant
57%
The King's Man
57%
The Land Before Time
57%
The Town
57%
The Beekeeper
43%
The Hustle
43%
The Ice Road
43%
The Other Guys
43%
The Tourist
43%
The Amateur
29%
The Birdcage
29%
The Borrowers
29%
The Cabin In The Woods
29%
The Five-Year Engagement
29%
The Gorge
29%
The Great Wall
29%
The Heat
29%
The Mummy
29%
The Old Guard
29%
The Roses
29%
The Spiderwick Chronicles
29%
The Accidental Husband
14%
The Creator
14%
The Eagle
14%
The Electric State
14%
The Last Boy Scout
14%
The Losers
14%
The New Mutants
14%
The Next Three Days
14%
The Parent Trap
14%
The Protégé
14%
The Recruit
14%
The Sweetest Thing
14%
The Upside
14%
The Wild Robot
14%
No matching quizzes found
Score Distribution
Percent of People with Each Score
Percentile by Number Answered
Your Score History
You have not taken this quiz